[Event "Wilhelmshavener SF-Weisse Dame Hamburg"]
[Site "?"]
[Date "2007.12.29"]
[Round "6.4"]
[White "Großklaus, Igor"]
[Black "Petru, Dennis"]
[Result "0-1"]
[WhiteElo "1191"]
[BlackElo "1073"]
[PlyCount "48"]
[EventDate "2007.??.??"]
[WhiteTeam "Wilhelmshavener SF"]
[BlackTeam "Weisse Dame Hamburg"]

1. e4 e5 2. Nf3 Nc6 3. Bc4 Bc5 4. O-O Nf6 5. Nc3 d6 6. d3 Be6 7. Bb3 Qd7 8. Be3
Bb6 9. Nd5 Ba5 10. Nxf6+ gxf6 11. d4 Ne7 12. Bxe6 fxe6 13. Bd2 Bb6 14. Be3
O-O-O 15. d5 Bxe3 16. fxe3 exd5 17. exd5 Rdg8 18. Nh4 Ng6 19. Nf5 h5 20. e4 Nf4
21. Ne3 Qh3 22. g3 Rxg3+ 23. hxg3 Qxg3+ 24. Kh1 Qh4+ 0-1

[Event "SC Vaterstetten-SV Stuttgart-Wolfbusch"]
[Site "?"]
[Date "2007.12.29"]
[Round "6.4"]
[White "Opitz, Jonas"]
[Black "Baumann, Oliver"]
[Result "1-0"]
[WhiteElo "1075"]
[BlackElo "888"]
[PlyCount "47"]
[EventDate "2007.??.??"]
[WhiteTeam "SC Vaterstetten"]
[BlackTeam "SV Stuttgart-Wolfbusch"]

1. Nf3 d5 2. g3 Nc6 3. Bg2 Nf6 4. O-O e5 5. d3 Bc5 6. Nc3 O-O 7. e4 Bg4 8. Qd2
Qd7 9. Re1 d4 10. Ne2 Bb4 11. c3 Bc5 12. b4 dxc3 13. Nxc3 Bd4 14. Nxd4 Nxd4 15.
Nd5 Nf3+ 16. Bxf3 Bxf3 17. Nxf6+ gxf6 18. Qh6 Rfd8 19. Qxf6 Qh3 20. Qxf3 Rd4
21. Bb2 Rxb4 22. Bxe5 Rb5 23. Qf6 Qg4 24. Qh8# 1-0

[Event "SG Porz 47-SV Unterkochen"]
[Site "?"]
[Date "2007.12.29"]
[Round "6.1"]
[White "Zoller, Philipp"]
[Black "Padva, Leo"]
[Result "0-1"]
[WhiteElo "1049"]
[BlackElo "1395"]
[PlyCount "112"]
[EventDate "2007.??.??"]
[WhiteTeam "SV Unterkochen"]
[BlackTeam "SG Porz 47"]

1. e4 e5 2. Nf3 Nc6 3. Bc4 h6 4. Nc3 Bc5 5. d3 Nf6 6. O-O d6 7. h3 Be6 8. Bxe6
fxe6 9. Bd2 O-O 10. Qe2 Nd4 11. Nxd4 Bxd4 12. Be3 d5 13. Bxd4 exd4 14. Nb5 dxe4
15. dxe4 e5 16. Rad1 Qd7 17. c3 c5 18. f3 Nh5 19. Qc4+ Qf7 20. Qxf7+ Rxf7 21.
cxd4 cxd4 22. Rc1 a6 23. Nd6 Rd7 24. Nc4 Re8 25. a4 Ng3 26. Rf2 d3 27. Rd1 Rc7
28. b3 b5 29. axb5 axb5 30. Nb2 Rd8 31. Rxd3 Rc1+ 32. Kh2 Nf1+ 33. Kg1 Ne3+ 34.
Kh2 Rxd3 35. Nxd3 Rc3 36. Nxe5 Rxb3 37. Nc6 Rb1 38. e5 Kf7 39. f4 g6 40. g4 Ke6
41. Kg3 b4 42. Kf3 Nd5 43. Ke4 Re1+ 44. Kd3 Re3+ 45. Kc2 Rc3+ 46. Kd2 Rxc6 47.
Ke2 Rc2+ 48. Ke1 Rxf2 49. Kxf2 b3 50. Kf3 b2 51. h4 b1=Q 52. h5 Qd3+ 53. Kf2
Qe3+ 54. Kg2 Nxf4+ 55. Kf1 Qe2+ 56. Kg1 Qg2# 0-1

[Event "Wilhelmshavener SF-Weisse Dame Hamburg"]
[Site "?"]
[Date "2007.12.29"]
[Round "6.3"]
[White "Schaeffer, Philipp"]
[Black "Hellwig, Immo"]
[Result "1-0"]
[WhiteElo "1234"]
[BlackElo "1084"]
[PlyCount "49"]
[EventDate "2007.??.??"]
[WhiteTeam "Weisse Dame Hamburg"]
[BlackTeam "Wilhelmshavener SF"]

1. e4 d5 2. exd5 Qxd5 3. Nc3 Qa5 4. d4 Nf6 5. Bc4 c6 6. Nf3 Bf5 7. Bd2 Qc7 8.
Qe2 e6 9. O-O-O Be7 10. Ne5 O-O 11. g4 Bg6 12. f4 Nbd7 13. Nxg6 hxg6 14. h4 c5
15. dxc5 Bxc5 16. h5 gxh5 17. g5 g6 18. gxf6 Nxf6 19. Ne4 Nxe4 20. Qxe4 Rac8
21. Bd3 Bd6 22. Rxh5 Rfd8 23. Bc3 Bxf4+ 24. Kb1 e5 25. Rdh1 1-0

[Event "SF Köln-Mülheim-SC Forchheim"]
[Site "?"]
[Date "2007.12.30"]
[Round "7.2"]
[White "Eigemann, Frederik"]
[Black "Nöttling, Dominik"]
[Result "1/2-1/2"]
[WhiteElo "1564"]
[BlackElo "1755"]
[PlyCount "56"]
[EventDate "2007.??.??"]
[WhiteTeam "SF Köln-Mülheim"]
[BlackTeam "SC Forchheim"]

1. e4 b6 2. d4 Bb7 3. Bd3 e6 4. Qe2 Nf6 5. Bg5 Be7 6. Nd2 c5 7. c3 Nc6 8. Ngf3
Rc8 9. O-O cxd4 10. cxd4 Nb4 11. a3 Nxd3 12. Qxd3 d5 13. e5 Ne4 14. Bxe7 Qxe7
15. Rac1 O-O 16. Qb3 Nxd2 17. Nxd2 Qg5 18. Qe3 Qxe3 19. fxe3 Rxc1 20. Rxc1 Rc8
21. Nb3 Rxc1+ 22. Nxc1 Ba6 23. Kf2 f6 24. exf6 gxf6 25. Ne2 Bxe2 26. Kxe2 e5
27. Kd3 Kf7 28. Kc3 Kg6 1/2-1/2

[Event "SF Köln-Mülheim-SC Forchheim"]
[Site "?"]
[Date "2007.12.30"]
[Round "7.4"]
[White "Rahmen, Christian"]
[Black "Wagner, Robert"]
[Result "0-1"]
[WhiteElo "771"]
[BlackElo "1483"]
[PlyCount "82"]
[EventDate "2007.??.??"]
[WhiteTeam "SF Köln-Mülheim"]
[BlackTeam "SC Forchheim"]

1. Nf3 Nf6 2. g3 d5 3. Bg2 Bg4 4. d3 c6 5. h3 Bh5 6. O-O Nbd7 7. Nbd2 e5 8. e4
dxe4 9. dxe4 Bc5 10. c3 a5 11. Qc2 Qe7 12. Re1 O-O 13. Nf1 Bxf3 14. Bxf3 Qe6
15. Bg2 Rad8 16. Be3 Bxe3 17. Nxe3 b5 18. a4 b4 19. cxb4 axb4 20. b3 Ra8 21. a5
Ra7 22. Nc4 Rfa8 23. Qd2 c5 24. Red1 Ra6 25. f4 Kf8 26. Kf2 g6 27. Qb2 exf4 28.
e5 fxg3+ 29. Kxg3 Nh5+ 30. Kf2 Qf5+ 31. Kg1 R8a7 32. Rf1 Qe6 33. Ne3 Qxe5 34.
Qxe5 Nxe5 35. Rae1 Ng3 36. Rf2 Nd3 37. Rd1 Nxf2 38. Kxf2 Nf5 39. Nxf5 gxf5 40.
Rd8+ Ke7 41. Rc8 Rxa5 0-1

[Event "Weisse Dame Hamburg-SK Gründau"]
[Site "?"]
[Date "2007.12.30"]
[Round "7.4"]
[White "Petru, Dennis"]
[Black "Steppat, Sebastian"]
[Result "0-1"]
[WhiteElo "1073"]
[BlackElo "1002"]
[PlyCount "62"]
[EventDate "2007.??.??"]
[WhiteTeam "Weisse Dame Hamburg"]
[BlackTeam "SK Gründau"]

1. e4 e6 2. d4 d5 3. Nc3 c5 4. exd5 exd5 5. dxc5 d4 6. Ne4 Qd5 7. Bd3 f5 8. c4
Qe6 9. Qe2 fxe4 10. Qxe4 Qxe4+ 11. Bxe4 Nf6 12. Bc2 Bxc5 13. Nf3 O-O 14. O-O
Re8 15. Bd2 Nc6 16. Rfe1 Bg4 17. a3 a5 18. Rxe8+ Nxe8 19. Ng5 h6 20. Ne4 Be7
21. f3 Be6 22. Bb3 Ne5 23. Rc1 b5 24. f4 Nd3 25. Rc2 bxc4 26. Bxc4 Bxc4 27.
Rxc4 Nxb2 28. Rxd4 Bxa3 29. Kf2 a4 30. Kf3 Be7 31. Bc3 a3 0-1

[Event "USV Potsdam-SC Vaterstetten"]
[Site "?"]
[Date "2007.12.30"]
[Round "7.1"]
[White "Nitsche-Hahn, Maxim"]
[Black "Friedrich, Wiede"]
[Result "1/2-1/2"]
[WhiteElo "1425"]
[BlackElo "1963"]
[PlyCount "38"]
[EventDate "2007.??.??"]
[WhiteTeam "SC Vaterstetten"]
[BlackTeam "USV Potsdam"]

1. d4 Nf6 2. c4 c5 3. Nf3 e6 4. e3 Be7 5. Be2 O-O 6. O-O b6 7. Nc3 Bb7 8. b3 d5
9. Bb2 a6 10. h3 Qc7 11. Qc2 Nc6 12. a3 Rfd8 13. Rfd1 Rac8 14. Rac1 Na5 15.
dxc5 bxc5 16. cxd5 exd5 17. Na4 Ne4 18. b4 Nc6 19. bxc5 Bf6 1/2-1/2

[Event "USV Potsdam-SC Vaterstetten"]
[Site "?"]
[Date "2007.12.30"]
[Round "7.2"]
[White "Eichstaedt, Mirko"]
[Black "Nitsche-Hahn, Raphael"]
[Result "1/2-1/2"]
[WhiteElo "1284"]
[BlackElo "1528"]
[PlyCount "89"]
[EventDate "2007.??.??"]
[WhiteTeam "USV Potsdam"]
[BlackTeam "SC Vaterstetten"]

1. c4 g6 2. Nc3 Bg7 3. g3 c5 4. Bg2 Nc6 5. Nf3 Nf6 6. O-O O-O 7. d4 cxd4 8.
Nxd4 Nxd4 9. Qxd4 d6 10. Qd3 Rb8 11. Rb1 b6 12. b4 Ba6 13. b5 Bb7 14. f3 Nd7
15. Ne4 Nc5 16. Nxc5 dxc5 17. Qxd8 Rfxd8 18. Bb2 Bxb2 19. Rxb2 Rd6 20. f4 Bxg2
21. Kxg2 Rbd8 22. Kf3 Rd2 23. Rxd2 Rxd2 24. Rc1 Rxa2 25. Rc3 Kf8 26. h3 e6 27.
e4 Ke7 28. e5 a5 29. bxa6 Rxa6 30. g4 Ra4 31. Ke3 Rb4 32. Kf3 Kd7 33. Ke3 Kc6
34. Kd3 b5 35. cxb5+ Kxb5 36. Ke3 c4 37. Kd4 Rb3 38. Rxc4 Rb4 39. Rxb4+ Kxb4
40. Kd3 Kc5 41. Kc3 h5 42. gxh5 gxh5 43. h4 Kb5 44. Kb3 Kc5 45. Kc3 1/2-1/2

[Event "USV Potsdam-SC Vaterstetten"]
[Site "?"]
[Date "2007.12.30"]
[Round "7.4"]
[White "Werthmann, Nils"]
[Black "Opitz, Jonas"]
[Result "0-1"]
[WhiteElo "1067"]
[BlackElo "1075"]
[PlyCount "68"]
[EventDate "2007.??.??"]
[WhiteTeam "USV Potsdam"]
[BlackTeam "SC Vaterstetten"]

1. e4 d6 2. d4 Nf6 3. Nc3 g6 4. Nf3 Bg7 5. Bc4 O-O 6. O-O Nc6 7. Be3 e5 8. Qd2
Re8 9. Rfe1 exd4 10. Bxd4 Nxd4 11. Nxd4 b6 12. f3 Bb7 13. Bb5 Re7 14. Bc6 Qc8
15. Bxb7 Qxb7 16. Ncb5 d5 17. e5 Nd7 18. f4 f6 19. e6 Nf8 20. Qb4 c5 21. Qa3
cxd4 22. Nxd4 f5 23. c3 Bxd4+ 24. cxd4 Nxe6 25. Re2 Rae8 26. Rae1 Kf7 27. Qe3
Qd7 28. Qh3 Nxf4 29. Qxh7+ Kf6 30. Qh4+ Kf7 31. Qh7+ Kf6 32. Qh4+ g5 33. Qh6+
Ng6 34. Qh3 Rxe2 0-1

[Event "SK Ettlingen-SF Brackel Dortmund"]
[Site "?"]
[Date "2007.12.30"]
[Round "7.3"]
[White "Tiemann, Uwe"]
[Black "Schwingen, Dominik"]
[Result "0-1"]
[WhiteElo "1031"]
[BlackElo "1240"]
[PlyCount "112"]
[EventDate "2007.??.??"]
[WhiteTeam "SF Brackel Dortmund"]
[BlackTeam "SK Ettlingen"]

1. e4 e6 2. d4 d5 3. e5 c5 4. c3 Nc6 5. Nf3 Qb6 6. Bf4 Qxb2 7. Nbd2 Qxc3 8. Bb5
Bd7 9. O-O cxd4 10. Nb3 Nge7 11. Nbxd4 a6 12. Qa4 Qc5 13. Rac1 Qb4 14. Qxb4
Nxb4 15. Bxd7+ Kxd7 16. Rb1 Ng6 17. Bd2 Nd3 18. Rxb7+ Ke8 19. Nc6 Rc8 20. Rb8
Rxb8 21. Nxb8 Ndxe5 22. Nxe5 Nxe5 23. Nxa6 Bd6 24. a4 Ke7 25. Ra1 Ra8 26. Nb4
Kd7 27. a5 Nc4 28. Bc3 g6 29. Nd3 e5 30. a6 d4 31. Bb4 Bxb4 32. Nxb4 f5 33. Kf1
Kd6 34. Ke2 e4 35. Nc2 d3+ 36. Kd1 dxc2+ 37. Kxc2 Kc6 38. Kc3 Nd6 39. Kd4 Nb5+
40. Kc4 Nc7 41. a7 Kb7 42. Kd4 Nb5+ 43. Ke5 Nxa7 44. Kf6 Rc8 45. Kg7 Rc7+ 46.
Kh6 Kc8 47. Rf1 Kd8 48. f3 e3 49. Re1 Re7 50. h4 Ke8 51. g4 f4 52. h5 gxh5 53.
Kxh5 Nc6 54. Kg5 Rf7 55. Kh4 Nd4 56. g5 Nxf3+ 0-1

[Event "SV Empor Erfurt-SG Porz 47"]
[Site "?"]
[Date "2007.12.30"]
[Round "7.1"]
[White "Krause, Johann"]
[Black "Urban, Lars"]
[Result "1/2-1/2"]
[WhiteElo "1333"]
[BlackElo "1657"]
[PlyCount "96"]
[EventDate "2007.??.??"]
[WhiteTeam "SG Porz 47"]
[BlackTeam "SV Empor Erfurt"]

1. e3 e5 2. b3 d5 3. Bb2 Nc6 4. Bb5 Bd6 5. f4 Qh4+ 6. g3 Qe7 7. Nf3 f6 8. Qe2
exf4 9. gxf4 a6 10. Bxc6+ bxc6 11. Rg1 Qf7 12. Qg2 g6 13. Nc3 Ne7 14. O-O-O Bd7
15. e4 Bxf4 16. exd5 cxd5 17. Rde1 O-O 18. Re2 Bd6 19. Rge1 a5 20. Nd4 c6 21.
Ne6 Rfe8 22. Na4 Rab8 23. Nac5 Bc8 24. Qf2 Nf5 25. Kd1 Bxe6 26. Nxe6 Re7 27.
Nd4 Nxd4 28. Rxe7 Bxe7 29. Qxd4 c5 30. Qa4 g5 31. Qxa5 Kg7 32. Qc7 Re8 33. a4
Kh6 34. Qd7 c4 35. Qe6 Qh5+ 36. Qe2 Qf7 37. Ba3 cxb3 38. cxb3 d4 39. Qc4 Qg6
40. Bxe7 Rxe7 41. Rxe7 Qb1+ 42. Qc1 Qxb3+ 43. Qc2 Qf3+ 44. Kc1 Qh1+ 45. Qd1
Qc6+ 46. Qc2 Qh1+ 47. Qd1 Qc6+ 48. Qc2 Qh1+ {Kb2 ??? +- (11.03)} 1/2-1/2

[Event "SV Empor Erfurt-SG Porz 47"]
[Site "?"]
[Date "2007.12.30"]
[Round "7.4"]
[White "Messing, Paul"]
[Black "Priesmann, Dominik"]
[Result "1-0"]
[WhiteElo "1211"]
[BlackElo "796"]
[PlyCount "101"]
[EventDate "2007.??.??"]
[WhiteTeam "SV Empor Erfurt"]
[BlackTeam "SG Porz 47"]

1. e4 e5 2. Nf3 Nc6 3. Bc4 Bc5 4. c3 Nf6 5. d3 O-O 6. Bg5 Be7 7. Nbd2 d6 8. Bb3
Re8 9. h3 d5 10. Qe2 dxe4 11. O-O-O exf3 12. gxf3 Bf5 13. Nf1 Nh5 14. Bxe7 Nf4
15. Qe3 Rxe7 16. d4 Nd3+ 17. Rxd3 Bxd3 18. Qxd3 exd4 19. Bc2 g6 20. cxd4 Nxd4
21. Ng3 Qd6 22. Ne4 Qf4+ 23. Nd2 Re2 24. Rf1 Nxf3 25. Qxe2 Qxd2+ 26. Qxd2 Nxd2
27. Kxd2 Rd8+ 28. Kc3 Rd6 29. Rd1 Rc6+ 30. Kb3 a5 31. Be4 Rc5 32. Bxb7 Rb5+ 33.
Ka4 Rxb7 34. b3 Rb4+ 35. Kxa5 Rf4 36. a4 Rxf2 37. b4 Rf5+ 38. b5 g5 39. Ka6 Rf4
40. a5 Rf6+ 41. b6 Rxb6+ 42. axb6 cxb6 43. Kxb6 Kg7 44. Kc5 Kg6 45. Rd4 f5 46.
Kc4 f4 47. Kd3 h6 48. Ke2 Kf5 49. Rd6 h5 50. Rh6 h4 51. Kf3 1-0

[Event "SV Stuttgart-Wolfbusch-LSV Turm Lippsta"]
[Site "?"]
[Date "2007.12.30"]
[Round "7.4"]
[White "Baumann, Oliver"]
[Black "Barkey, Thies"]
[Result "0-1"]
[WhiteElo "888"]
[BlackElo "1184"]
[PlyCount "64"]
[EventDate "2007.??.??"]
[WhiteTeam "SV Stuttgart-Wolfbusch"]
[BlackTeam "LSV Turm Lippstadt"]

1. e4 e5 2. Nf3 Nc6 3. Bc4 Bc5 4. O-O Nf6 5. Ng5 O-O 6. Nc3 h6 7. d3 hxg5 8.
Bxg5 a6 9. Qf3 Nd4 10. Qe3 d6 11. Nd5 Ne6 12. Nxf6+ gxf6 13. Bxf6 Qxf6 14. Qg3+
Qg6 15. Qxg6+ fxg6 16. c3 b5 17. Bd5 Rb8 18. b4 Bb6 19. a4 Kg7 20. axb5 axb5
21. Bc6 Nf4 22. Bxb5 Bxf2+ 23. Rxf2 Rxb5 24. Ra5 Rxa5 25. bxa5 Nxd3 26. Rxf8
Kxf8 27. Kf1 Nc5 28. Ke2 Nxe4 29. Kd3 Nc5+ 30. Kc4 c6 31. Kb4 Kf7 32. c4 Kf6
0-1

[Event "SV Unterkochen-SV Empor Berlin"]
[Site "?"]
[Date "2007.12.30"]
[Round "7.1"]
[White "Tong, Lukas Fabian Chuan"]
[Black "Zoller, Philipp"]
[Result "1-0"]
[WhiteElo "1575"]
[BlackElo "1049"]
[PlyCount "79"]
[EventDate "2007.??.??"]
[WhiteTeam "SV Empor Berlin"]
[BlackTeam "SV Unterkochen"]

1. d4 Nf6 2. c4 g6 3. Nc3 Bg7 4. e4 d6 5. f3 O-O 6. Be3 Nbd7 7. Nge2 c5 8. d5
Ne5 9. Nc1 Ne8 10. g4 f5 11. gxf5 gxf5 12. Be2 Kh8 13. Qd2 Nf6 14. Nb3 b6 15.
O-O-O Bd7 16. Rhg1 Rg8 17. Rg2 Nf7 18. Rdg1 Qf8 19. h4 h5 20. Kc2 a6 21. Nc1
Rd8 22. Nd3 b5 23. cxb5 axb5 24. Nf4 Ne5 25. Bxb5 Bxb5 26. Nxb5 Rc8 27. Nc3 Qf7
28. Ng6+ Nxg6 29. Rxg6 c4 30. Bh6 Bxh6 31. Qxh6+ Nh7 32. Qxh5 Ra8 33. Rxg8+
Qxg8 34. Rxg8+ Rxg8 35. Qxf5 Rf8 36. Qe6 Re8 37. Nb5 Rb8 38. Qxe7 Rxb5 39. Qe8+
Kg7 40. Qxb5 1-0

[Event "SV Unterkochen-SV Empor Berlin"]
[Site "?"]
[Date "2007.12.30"]
[Round "7.4"]
[White "Schmid, Bernd"]
[Black "Scheinhütte, Jakob"]
[Result "0-1"]
[WhiteElo "776"]
[BlackElo "927"]
[PlyCount "34"]
[EventDate "2007.??.??"]
[WhiteTeam "SV Unterkochen"]
[BlackTeam "SV Empor Berlin"]

1. e4 e6 2. d4 d5 3. exd5 exd5 4. Nf3 Bd6 5. Nc3 Ne7 6. Be2 Bg4 7. O-O Nbc6 8.
Bg5 f6 9. Be3 Qd7 10. Bd3 O-O-O 11. h3 Bxh3 12. gxh3 Qxh3 13. Re1 Ng6 14. Bf1
Qg4+ 15. Kh1 Nh4 16. Nxh4 Qxh4+ 17. Kg1 Qh2# 0-1

[Event "SC Einheit Bautzen-BSG Chemie Leipzig"]
[Site "?"]
[Date "2007.12.30"]
[Round "7.3"]
[White "Richter, Leonard"]
[Black "Vu Tuan, Minh"]
[Result "0-1"]
[WhiteElo "1349"]
[BlackElo "1184"]
[PlyCount "64"]
[EventDate "2007.??.??"]

1. d4 Nf6 2. e3 e6 3. Bd3 d5 4. Nf3 Nc6 5. c3 Bd6 6. Nbd2 e5 7. dxe5 Nxe5 8.
Nxe5 Bxe5 9. Qc2 c6 10. O-O O-O 11. e4 d4 12. f4 dxc3 13. bxc3 Ng4 14. Nc4 Bc7
15. h3 Bb6+ 16. Nxb6 Qxb6+ 17. Kh1 Ne3 18. Bxe3 Qxe3 19. Rf3 Qc5 20. f5 f6 21.
Rg1 b6 22. g4 Qd6 23. g5 c5 24. Rfg3 Kh8 25. h4 Bb7 26. h5 Rae8 27. h6 Qf4 28.
hxg7+ Kxg7 29. g6 h6 30. Qb3 Rxe4 31. Bxe4 Bxe4+ 32. Kh2 Qh4+ 0-1

[Event "SK Ettlingen-SF Brackel Dortmund"]
[Site "?"]
[Date "2007.12.30"]
[Round "7.2"]
[White "Weber, Clemens"]
[Black "Reisberg, Andre"]
[Result "0-1"]
[WhiteElo "1326"]
[BlackElo "1195"]
[PlyCount "116"]
[EventDate "2007.??.??"]

1. e4 e5 2. Nf3 Nc6 3. Bc4 Bc5 4. c3 Nf6 5. d4 exd4 6. cxd4 Bb4+ 7. Bd2 O-O 8.
d5 Bxd2+ 9. Nbxd2 Ne7 10. O-O d6 11. h3 Re8 12. Re1 Ng6 13. Qc2 Ne5 14. Nxe5
Rxe5 15. f4 Rh5 16. f5 Nd7 17. Be2 Rh6 18. Nf3 Ne5 19. Nxe5 dxe5 20. Bg4 g6 21.
Qd2 Kg7 22. Rf1 gxf5 23. Bxf5 Qh4 24. Qf2 Qxf2+ 25. Rxf2 Bxf5 26. Rxf5 f6 27.
Rc1 Rc8 28. d6 c6 29. d7 Rd8 30. Rd1 Kf7 31. Rf3 Ke7 32. Rfd3 Rh4 33. Kf2 Rxe4
34. Kf3 Rb4 35. b3 e4+ 36. Ke3 exd3 37. Rxd3 Rxd7 38. Rc3 Rd1 39. Rc2 Re1+ 40.
Kf3 Ke6 41. g4 Rbe4 42. Kg3 R1e3+ 43. Kh4 f5 44. Kg5 fxg4 45. hxg4 Rg3 46. Rh2
Rgxg4+ 47. Kh5 Kf5 48. Rf2+ Ref4 49. Rh2 Rg5+ 50. Kh6 Rg6+ 51. Kxh7 Rfg4 52.
Rh5+ R6g5 53. Rxg5+ Kxg5 54. Kg7 Rf4 55. a4 a5 56. Kh7 Rg4 57. Kh8 Kf6 58. Kh7
Rg1 0-1

[Event "SF Köln-Mülheim-SC Forchheim"]
[Site "?"]
[Date "2007.12.30"]
[Round "7.1"]
[White "Mons, Leon"]
[Black "Pauly, Carlo"]
[Result "0-1"]
[WhiteElo "1990"]
[BlackElo "1649"]
[PlyCount "40"]
[EventDate "2007.??.??"]

1. e4 c5 2. Nf3 d6 3. d4 cxd4 4. Nxd4 Nf6 5. Nc3 a6 6. Be2 e6 7. Be3 Qc7 8. a4
Nbd7 9. f4 b6 10. O-O Bb7 11. Bd3 Nc5 12. Qf3 Be7 13. Rae1 O-O 14. Qh3 Rfe8 15.
Bd2 Bf8 16. Nf3 h6 17. g4 d5 18. exd5 Nxd5 19. Ne5 Nxd3 20. Qxd3 Bc5+ 0-1

[Event "SC Reti Heusweiler-TuS Makkabi Berlin"]
[Site "?"]
[Date "2007.12.30"]
[Round "7.1"]
[White "Galkin, Wladislaw"]
[Black "Grewenig, Jan"]
[Result "1-0"]
[WhiteElo "1737"]
[BlackElo "1607"]
[PlyCount "61"]
[EventDate "2007.??.??"]

1. e4 c5 2. Nf3 Nc6 3. d4 cxd4 4. Nxd4 g6 5. c4 Bg7 6. Be3 Nf6 7. Nc3 O-O 8.
Be2 d6 9. O-O Bd7 10. f3 Qb6 11. Qd2 Nxe4 12. Nxc6 Nxd2 13. Nxe7+ Kh8 14. Bxb6
axb6 15. Rfd1 Bh6 16. Ned5 Bc6 17. Bd3 Rae8 18. Nf6 Re6 19. Ng4 Bg7 20. Rxd2
Bd4+ 21. Kh1 Rfe8 22. Rdd1 f5 23. Nh6 Be3 24. Nxf5 gxf5 25. Bxf5 Rf6 26. Be4 h5
27. Nd5 Bxd5 28. Rxd5 Rh6 29. Rad1 Ree6 30. Bf5 Ref6 31. Re1 1-0

[Event "SC Reti Heusweiler-TuS Makkabi Berlin"]
[Site "?"]
[Date "2007.12.30"]
[Round "7.3"]
[White "Wagner, Christian"]
[Black "Holle, Cedric"]
[Result "1/2-1/2"]
[WhiteElo "1451"]
[BlackElo "1261"]
[PlyCount "79"]
[EventDate "2007.??.??"]

1. e4 e5 2. Nf3 Nc6 3. d4 exd4 4. Bc4 Nf6 5. O-O Bc5 6. e5 Ng4 7. Bxf7+ Kxf7 8.
Ng5+ Kg8 9. Qxg4 Nxe5 10. Qe4 d6 11. Qd5+ Kf8 12. f4 Qf6 13. Ne4 c6 14. Nxf6
cxd5 15. Nxd5 Ng4 16. Rf3 d3+ 17. Be3 Nxe3 18. Nxe3 Bg4 19. Rg3 Re8 20. Kf2
dxc2 21. Nc3 d5 22. Ncxd5 h5 23. h3 Bd1 24. Kf1 Bxe3 25. Nxe3 Rd8 26. Ke1 Kf7
27. Rg5 Rhe8 28. Rf5+ Kg6 29. Rg5+ Kh6 30. Re5 Rxe5 31. fxe5 Kg5 32. Nxd1
cxd1=Q+ 33. Rxd1 Rxd1+ 34. Kxd1 Kf5 35. Ke2 Kxe5 36. Ke3 g5 37. g4 hxg4 38.
hxg4 b5 39. b4 Kd5 40. Kd3 1/2-1/2

[Event "SC Reti Heusweiler-TuS Makkabi Berlin"]
[Site "?"]
[Date "2007.12.30"]
[Round "7.4"]
[White "Schirra, Felix"]
[Black "Lerch, Philipp"]
[Result "1/2-1/2"]
[WhiteElo "1216"]
[BlackElo "1569"]
[PlyCount "59"]
[EventDate "2007.??.??"]

1. e4 c5 2. Nf3 Nc6 3. d4 cxd4 4. Nxd4 Nf6 5. Nc3 e5 6. Nxc6 bxc6 7. Bg5 h6 8.
Bh4 Bb4 9. Bd3 Qa5 10. Qd2 Bxc3 11. Qxc3 Qxc3+ 12. bxc3 Ke7 13. Rb1 d6 14. O-O
g5 15. Bg3 Nd7 16. f3 Nb6 17. Rfd1 Be6 18. a3 Rab8 19. Be1 Na4 20. Rb4 Nb2 21.
Rb1 Rxb4 22. cxb4 Nxd3 23. cxd3 Rb8 24. Rc1 Kd7 25. Kf2 Rb5 26. Ke2 f5 27. Bf2
a6 28. Be1 Rb8 29. Bf2 f4 30. d4 1/2-1/2

[Event "Weisse Dame Hamburg-SK Gründau"]
[Site "?"]
[Date "2007.12.30"]
[Round "7.1"]
[White "Kuhn, Jan"]
[Black "Pfeiffer, Daniel"]
[Result "1-0"]
[WhiteElo "1606"]
[BlackElo "1670"]
[PlyCount "91"]
[EventDate "2007.??.??"]

1. e4 c5 2. Nf3 e6 3. d4 cxd4 4. Nxd4 a6 5. Nc3 Qc7 6. Be2 Bb4 7. Bd2 Nf6 8. f3
d6 9. O-O Bc5 10. Be3 e5 11. f4 exd4 12. Bxd4 Bxd4+ 13. Qxd4 Qc5 14. Rad1 O-O
15. Kh1 Qxd4 16. Rxd4 Nc6 17. Rxd6 Rd8 18. Rxd8+ Nxd8 19. e5 Ng4 20. Nd5 Nc6
21. Nb6 Nxh2 22. Kxh2 Rb8 23. Nxc8 Rxc8 24. Bg4 Rd8 25. Rd1 Rxd1 26. Bxd1 b6
27. c3 f6 28. exf6 gxf6 29. Kg3 Kg7 30. Kf3 Kf7 31. Ke4 Ne7 32. Be2 a5 33. b4
axb4 34. cxb4 Ke6 35. Bc4+ Kd6 36. a3 Kc6 37. g4 h6 38. Kf3 Kc7 39. Kg3 Kd6 40.
Bf7 Nc6 41. Kh4 Nd4 42. Kh5 Nc2 43. Kxh6 Ke7 44. Ba2 Nxa3 45. g5 Nb5 46. g6 1-0

[Event "Weisse Dame Hamburg-SK Gründau"]
[Site "?"]
[Date "2007.12.30"]
[Round "7.2"]
[White "Lampert, Jonas"]
[Black "Tautz, Jonas"]
[Result "1-0"]
[WhiteElo "1629"]
[BlackElo "1323"]
[PlyCount "67"]
[EventDate "2007.??.??"]

1. e4 c5 2. Nf3 e6 3. d4 cxd4 4. Nxd4 a6 5. Bd3 Qc7 6. Nc3 Nf6 7. O-O Nc6 8.
Nxc6 Qxc6 9. Qe1 Bb4 10. Bd2 b5 11. a3 Ba5 12. b4 Bc7 13. e5 Bb7 14. f3 Bb6+
15. Kh1 Ng8 16. Be4 Qc7 17. Bxb7 Qxb7 18. Ne4 Bc7 19. Rd1 Bxe5 20. Bc3 Bxc3 21.
Qxc3 Ke7 22. Qxg7 d5 23. Ng5 Rf8 24. Nxe6 Rc8 25. Ng5 Nf6 26. Qxf7+ Kd6 27.
Qxb7 Rhf8 28. Ne4+ Ke6 29. Nxf6 Kxf6 30. Qxa6+ Kg7 31. Qb7+ Kh8 32. Qxd5 Rb8
33. Qe5+ Kg8 34. Rd7 1-0

[Event "SC Einheit Bautzen-BSG Chemie Leipzig"]
[Site "?"]
[Date "2007.12.30"]
[Round "7.1"]
[White "Müller, Marius"]
[Black "Rührmund, Daniel"]
[Result "1/2-1/2"]
[WhiteElo "1485"]
[BlackElo "1584"]
[PlyCount "74"]
[EventDate "2007.??.??"]

1. d4 Nf6 2. e3 c5 3. f4 cxd4 4. exd4 e6 5. Nf3 Nc6 6. c3 b6 7. Bd3 Bb7 8. O-O
Be7 9. Nbd2 Qc7 10. Ne5 d6 11. Nxc6 Bxc6 12. Nf3 O-O 13. Qe1 Rfe8 14. Bd2 Rad8
15. Qg3 Ne4 16. Qh3 h6 17. Be3 f5 18. Nd2 Rf8 19. Bxe4 fxe4 20. Qxe6+ Kh8 21.
d5 Bb7 22. Qxe4 Rde8 23. Qd3 Bc8 24. Nf3 Bf5 25. Qd2 Bf6 26. Bd4 Bd8 27. b3 b5
28. Rac1 Qf7 29. Be3 Bf6 30. Rfd1 a6 31. Qf2 Be4 32. Nd4 Bxd4 33. Rxd4 Qg6 34.
g3 Qf5 35. Rf1 Re7 36. Re1 Rfe8 37. Bc1 Qg6 1/2-1/2

[Event "SC Einheit Bautzen-BSG Chemie Leipzig"]
[Site "?"]
[Date "2007.12.30"]
[Round "7.2"]
[White "Hase, Albert"]
[Black "Oha, Maximilian"]
[Result "1-0"]
[WhiteElo "1479"]
[BlackElo "1398"]
[PlyCount "53"]
[EventDate "2007.??.??"]

1. d4 e6 2. c4 d5 3. Nc3 c5 4. e3 cxd4 5. exd4 Bb4 6. Nf3 Ne7 7. Bf4 Nbc6 8. a3
Ba5 9. b4 Bb6 10. c5 Bc7 11. Bxc7 Qxc7 12. Nb5 Qd8 13. Nd6+ Kf8 14. Ng5 Ng6 15.
Ngxf7 Qf6 16. Nxh8 Nxd4 17. Nxg6+ hxg6 18. Rb1 Qe5+ 19. Be2 Rb8 20. f4 Qf6 21.
O-O Bd7 22. Bd3 Nf5 23. Nxf5 gxf5 24. Qh5 Ke7 25. Rf3 Rg8 26. Qh7 Rf8 27. Rg3
1-0

[Event "SK Ettlingen-SF Brackel Dortmund"]
[Site "?"]
[Date "2007.12.30"]
[Round "7.1"]
[White "Schwiddessen, Jan"]
[Black "Volz, Alexander"]
[Result "1/2-1/2"]
[WhiteElo "1335"]
[BlackElo "1480"]
[PlyCount "108"]
[EventDate "2007.??.??"]

1. d4 d5 2. Bf4 Nf6 3. e3 Nc6 4. c4 dxc4 5. Bxc4 e6 6. Nf3 Bd6 7. Bg3 O-O 8.
Nc3 a6 9. a3 b5 10. Bd3 Bb7 11. O-O Bxg3 12. fxg3 Qd7 13. Ne5 Nxe5 14. dxe5 Nd5
15. Rf2 Rad8 16. Nxd5 exd5 17. Rc1 c6 18. Bf5 Qe7 19. Qd4 Rde8 20. Qb6 Rb8 21.
Qd4 Rfe8 22. Rfc2 Qxe5 23. Qxe5 Rxe5 24. Bd7 Rxe3 25. Bxc6 Bxc6 26. Rxc6 Re6
27. Rc8+ Re8 28. Rxb8 Rxb8 29. Rc6 a5 30. Rd6 g6 31. Rxd5 Kg7 32. Kf2 Kf6 33.
Kf3 Ke6 34. Rd4 Rc8 35. Re4+ Kf6 36. Kf4 g5+ 37. Kf3 Rc2 38. b4 Rc3+ 39. Re3
Rxe3+ 40. Kxe3 axb4 41. axb4 Ke5 42. h4 h6 43. Kf3 f6 44. Kg4 Kd4 45. Kh5 gxh4
46. gxh4 Kc4 47. Kxh6 Kxb4 48. Kg6 Kc4 49. h5 b4 50. h6 b3 51. h7 b2 52. h8=Q
b1=Q+ 53. Kf7 Qb7+ 54. Kg6 Qxg2+ 1/2-1/2